PRACTICAL TEXTILES TECHNIQUES (Record no. 17281)

MARC details
000 -LEADER
fixed length control field 00266nam a22001217a 4500
003 - CONTROL NUMBER IDENTIFIER
control field SGT
082 ## - DEWEY DECIMAL CLASSIFICATION NUMBER
Classification number 677
Item number P09S
100 ## - MAIN ENTRY--PERSONAL NAME
Personal name SLIEGH, RUTH
245 ## - TITLE STATEMENT
Title PRACTICAL TEXTILES TECHNIQUES
260 ## - PUBLICATION, DISTRIBUTION, ETC. (IMPRINT)
Place of publication, distribution, etc LONDON
Name of publisher, distributor, etc A& C BLACK PUB.
Year of Publication 2009
300 ## - PAGE DESCRIPTION
No. of Pages 128
942 ## - ADDED ENTRY ELEMENTS (KOHA)
Source of classification or shelving scheme Dewey Decimal Classification
Koha item type Books
Holdings
Withdrawn status Lost status Source of classification or shelving scheme Damaged status Not for loan Home library Current library Shelving location Date acquired Vendor Name SGTU Bill Number Total Checkouts Full call number Accession No. (Barcode) Date last seen Bill Date Koha item type
    Dewey Decimal Classification     SGT Science & Social Sciences Library SGT Science & Social Sciences Library Reference Book 02/04/2019 PANKAJ PUB. SGTU 4321   677 P09S FF676 02/04/2019 07/03/2019 Books